| Tag |
First Indicator |
Second Indicator |
Subfields |
| LEADER |
00000cam a2200000 a 4500 |
| 001 |
in00005769521 |
| 005 |
20260327171818.8 |
| 006 |
m o d |
| 007 |
cr un|---aucuu |
| 008 |
220413s2022 ne o 001 0 eng d |
| 040 |
|
|
|a YDX
|b eng
|c YDX
|d OPELS
|d EBLCP
|d OCLCO
|d OCLCF
|d UKMGB
|d N$T
|d UKAHL
|d OCLCQ
|d OCLCO
|d OCLCQ
|d SFB
|d OCLCQ
|d OCLCL
|
| 015 |
|
|
|a GBC224885
|2 bnb
|
| 016 |
7 |
|
|a 020489984
|2 Uk
|
| 020 |
|
|
|a 9780128238530
|q (electronic bk.)
|
| 020 |
|
|
|a 0128238534
|q (electronic bk.)
|
| 020 |
|
|
|z 9780128238523
|
| 020 |
|
|
|z 0128238526
|
| 035 |
|
|
|a (OCoLC)1310619784
|
| 037 |
|
|
|a 9780128238530
|b Ingram Content Group
|
| 050 |
|
4 |
|a TA418.9.C6
|
| 082 |
0 |
4 |
|a 620.1/18
|2 23
|
| 049 |
|
|
|a TXAM
|
| 245 |
0 |
0 |
|a Oil palm biomass for composite panels :
|b fundamentals, processing, and applications /
|c edited by S.M. Sapuan [and more].
|
| 260 |
|
|
|a Amsterdam :
|b Elsevier,
|c 2022.
|
| 300 |
|
|
|a 1 online resource
|
| 336 |
|
|
|a text
|b txt
|2 rdacontent
|
| 337 |
|
|
|a computer
|b c
|2 rdamedia
|
| 338 |
|
|
|a online resource
|b cr
|2 rdacarrier
|
| 500 |
|
|
|a Includes index.
|
| 520 |
|
|
|a "Oil Palm Biomass for Composite Panels: Fundamentals, Processing, and Applications explains the preparation and utilization of oil palm biomass for advanced composite panel products. It introduces the fundamentals of oil palm biomass and wood-based panel products, including basic properties, durability, deterioration, and adhesives. It also includes in-depth information on processing and treatments organized by biomass type, covering oil palm trunk and lumber, veneer, empty fruit bunches (EFBs), oil palm fronds, and other sources. Additionally, this book focuses on specific composite panel applications, explaining the utilization of oil palm biomass in specific products."--
|c Title details screen.
|
| 650 |
|
0 |
|a Composite materials.
|
| 650 |
|
0 |
|a Oil palm.
|
| 650 |
|
0 |
|a Plant biomass.
|
| 650 |
|
6 |
|a Composites.
|
| 650 |
|
6 |
|a Palmier à huile.
|
| 650 |
|
6 |
|a Biomasse végétale.
|
| 650 |
|
7 |
|a composite material.
|2 aat
|
| 650 |
|
7 |
|a Composite materials
|2 fast
|
| 650 |
|
7 |
|a Oil palm
|2 fast
|
| 650 |
|
7 |
|a Plant biomass
|2 fast
|
| 655 |
|
7 |
|a Electronic books.
|2 local
|
| 700 |
1 |
|
|a Sapuan, S. M.
|
| 710 |
2 |
|
|a ScienceDirect (Online service)
|
| 776 |
0 |
8 |
|i Print version:
|z 0128238526
|z 9780128238523
|w (OCoLC)1263866573
|
| 856 |
4 |
0 |
|u http://proxy.library.tamu.edu/login?url=https://www.sciencedirect.com/science/book/9780128238523
|z Connect to the full text of this electronic book
|t 0
|
| 955 |
|
|
|a Elsevier ScienceDirect 2026-2027
|
| 994 |
|
|
|a 92
|b TXA
|
| 999 |
f |
f |
|i f1f355f3-1410-4312-ad7d-7b120f9b3f09
|s 8aa40018-eae8-4f1e-9fae-d2cefc27fd09
|t 0
|
| 952 |
f |
f |
|a Texas A&M University
|b College Station
|c Electronic Resources
|s www_evans
|d Available Online
|t 0
|e TA418.9.C6
|h Library of Congress classification
|
| 998 |
f |
f |
|a TA418.9.C6
|t 0
|l Available Online
|